|
|
|
|
| LEADER |
00000nab a2200000 a 4500 |
| 001 |
vtls000387864 |
| 003 |
SK-MaSNL |
| 005 |
20260426063236.0 |
| 008 |
111202c1990 xo 0 slo |
| 015 |
|
|
|a SNBRB19rr/mm-uuuuu
|
| 035 |
|
|
|a CL0387988
|
| 040 |
|
|
|a SNKBUCL
|b slo
|c SNKBUCL
|e AACR2
|
| 041 |
0 |
|
|a slo
|
| 044 |
|
|
|a xo
|c SK
|
| 080 |
|
|
|a 7(437.6):061.5
|2 1981
|
| 080 |
|
|
|a 061.5
|2 1981
|
| 100 |
1 |
|
|a Rechtorisová, Marta
|4 aut
|9 927150
|
| 245 |
1 |
0 |
|a Umenie v pohybe
|c Marta Rechtorisová
|
| 300 |
|
|
|b Fot. 1.
|
| 610 |
2 |
7 |
|a Slovkoncert - umelecká agentúra
|2 snkbucl
|9 63089
|
| 650 |
0 |
7 |
|a umelecké agentúry
|2 snkbucl
|9 87694
|
| 651 |
|
7 |
|a Bratislava (Slovensko)
|2 snkbucl
|9 14568
|
| 655 |
|
7 |
|a články z novín a časopisov
|2 snkbucl
|9 267496
|
| 773 |
0 |
|
|t Dialóg 90
|g Roč. 2, č. 14 (1990), s. 3
|
| 850 |
|
|
|a Slovenská národná knižnica v Martine
|a MTA001
|
| 852 |
|
|
|a SNK
|b KIS3GCP
|
| 992 |
|
|
|a RBX
|
| 999 |
|
|
|c 2554039
|d 2555969
|